Centros de interés renovados

Shranjeno v:
Bibliografske podrobnosti
Glavni avtor: Castro de Amato, Laura (Author)
Format: Knjiga
Jezik:španščina
Izdano: Buenos Aires Kapelusz 1971
Serija:Colección de Pedagogía Práctica
Teme:
Oznake: Označite
Brez oznak, prvi označite!

MARC

LEADER 00000nam a2200000 a 4500
001 UCW4624
003 CL-VaPUC
008 900607e19710000AG |||||||||||||||||spa|d
082 0 4 |a 306.43  |b CAS  |2 21 
100 0 |a Castro de Amato, Laura  |e author  |9 309404 
245 1 0 |a Centros de interés renovados 
300 |a 125 p 
942 |c BK 
945 |d 19900607 00:00:00 
260 |a Buenos Aires  |b Kapelusz  |c 1971 
650 7 |a EDUCACION NO FORMAL  |2 CL-VaPUC  |9 308640 
650 7 |a CENTROS DEMOSTRATIVOS DE EDUCACION  |2 CL-VaPUC  |9 309405 
650 0 |a Sociología de la educación   |9 260380 
583 |a last modification  |c 19900607 00:00:00  |k Rodrigo Vera 
490 0 |a Colección de Pedagogía Práctica 
999 |c 218298  |d 218296 
952 |0 0  |1 0  |4 0  |6 306_430000000000000_CAS_1971  |7 0  |8 P  |9 207600  |a BIBEDU  |b BIBEDU  |c BIBEDU_PB  |d 2019-11-15  |i 2754010  |o 306.43 CAS 1971  |p 2754010  |r 2024-01-25  |w 2019-11-15  |y BK  |k EDU